| 000 | 00603nam a2200133Ia 4500 | ||
|---|---|---|---|
| 008 | 221007s9999 xx 000 0 und d | ||
| 041 | _aeng | ||
| 082 | _bALE | ||
| 100 |
_aAlekar Ishani R - 2k141049; Prof. Ranjana Gogate - Guide & [Company Name] - Phonix General Insurance Brokers PVT.LTD _9103729 |
||
| 245 | _aComparative Study Of Claims And Settlement In United India Insurance Co. Vs. Bajaj Allianz General Insurance With Special Ref. To Motor Insurance At Phoenix General Insurance Brokers Pvt.Ltd | ||
| 260 |
_cSep-15 _bSavitribai Phule Pune University _aPune |
||
| 300 | _a74p | ||
| 906 | _bGeneral | ||
| 999 |
_c75049 _d75049 |
||